<?xml version="1.0" encoding="UTF-8"?><?xml-stylesheet type="text/xsl" href="static/style.xsl"?><OAI-PMH xmlns="http://www.openarchives.org/OAI/2.0/" xmlns:xsi="http://www.w3.org/2001/XMLSchema-instance" xsi:schemaLocation="http://www.openarchives.org/OAI/2.0/ http://www.openarchives.org/OAI/2.0/OAI-PMH.xsd"><responseDate>2026-04-18T08:00:51Z</responseDate><request verb="GetRecord" identifier="oai:www.recercat.cat:20.500.14342/469" metadataPrefix="marc">https://recercat.cat/oai/request</request><GetRecord><record><header><identifier>oai:recercat.cat:20.500.14342/469</identifier><datestamp>2025-03-11T12:46:43Z</datestamp><setSpec>com_2072_482405</setSpec><setSpec>com_2072_183628</setSpec><setSpec>col_2072_482410</setSpec></header><metadata><record xmlns="http://www.loc.gov/MARC21/slim" xmlns:dcterms="http://purl.org/dc/terms/" xmlns:xsi="http://www.w3.org/2001/XMLSchema-instance" xmlns:doc="http://www.lyncode.com/xoai" xsi:schemaLocation="http://www.loc.gov/MARC21/slim http://www.loc.gov/standards/marcxml/schema/MARC21slim.xsd">
   <leader>00925njm 22002777a 4500</leader>
   <datafield ind2=" " ind1=" " tag="042">
      <subfield code="a">dc</subfield>
   </datafield>
   <datafield ind2=" " ind1=" " tag="720">
      <subfield code="a">Pérez-Soler, Susana</subfield>
      <subfield code="e">author</subfield>
   </datafield>
   <datafield ind2=" " ind1=" " tag="720">
      <subfield code="a">Micó, Josep-Lluís</subfield>
      <subfield code="e">author</subfield>
   </datafield>
   <datafield ind2=" " ind1=" " tag="260">
      <subfield code="c">2015</subfield>
   </datafield>
   <datafield ind2=" " ind1=" " tag="520">
      <subfield code="a">Se presentan las conclusiones de una investigación sobre la utilización de las redes sociales en las redacciones periodísticas.
El objeto de estudio son los periodistas catalanes y belgas. Se analizan la edición online de un periódico tradicional y la de un
pure player –medio genuinamente digital, sin un referente en ningún soporte tradicional– de cada región mediante técnicas
cualitativas –entrevistas en profundidad y observación directa no participante– y cuantitativas –análisis de contenido de las
cuentas corporativas de Twitter–, llevadas a cabo entre 2013 y 2014. Los resultados muestran que los periodistas han adaptado la red de microblogging a sus rutinas diarias de trabajo para consultar información y distribuir contenidos propios. Sin
embargo, el contacto con las fuentes y la conversación con la audiencia, prácticas recomendadas en el sistema comunicativo
2.0 que fomenta la bidireccionalidad, resultan residuales.</subfield>
   </datafield>
   <datafield ind2=" " ind1=" " tag="520">
      <subfield code="a">The findings of a study of the use of social networks in newsrooms are presented. The objects of study are Catalan and
Belgian journalists. A traditional newspaper and a pure player of each region are studied through qualitative (in-depth
interviews and non-participant observation) and quantitative techniques (content analysis of corporate Twitter accounts)
collected between 2013 and 2014. The journalists have adapted the microblogging site in their daily work routines to access information and to disseminate their own content; however, contact with sources and conversation with the audience,
which are recommended uses in the 2.0 communication system to encourage bidirectionality, were limited.</subfield>
   </datafield>
   <datafield ind1="8" ind2=" " tag="024">
      <subfield code="a">http://hdl.handle.net/20.500.14342/469</subfield>
   </datafield>
   <datafield ind1="8" ind2=" " tag="024">
      <subfield code="a">http://dx.doi.org/10.3145/epi.2015.may.04</subfield>
   </datafield>
   <datafield tag="653" ind2=" " ind1=" ">
      <subfield code="a">Periodisme</subfield>
   </datafield>
   <datafield tag="653" ind2=" " ind1=" ">
      <subfield code="a">Xarxes socials</subfield>
   </datafield>
   <datafield tag="653" ind2=" " ind1=" ">
      <subfield code="a">Internet</subfield>
   </datafield>
   <datafield tag="653" ind2=" " ind1=" ">
      <subfield code="a">Mitjans de comunicació de massa</subfield>
   </datafield>
   <datafield tag="653" ind2=" " ind1=" ">
      <subfield code="a">Twitter</subfield>
   </datafield>
   <datafield ind2="0" ind1="0" tag="245">
      <subfield code="a">El mito de la conversación global. Usos de Twitter en las redacciones periodísticas catalanas y belgas</subfield>
   </datafield>
</record></metadata></record></GetRecord></OAI-PMH>